00322pab a2200133 454500008004000000100001700040245005800057260000900115300001300124362001200137650001400149650001200163773001300175180718b1979 xxu||||| |||| 00| 0 eng d aShah, Kirtee aSelf-help in housing: Cost reduction or change agent? c1979 ap.89-97. aOct-Dec aSelf help aHousing aNagarlok